000 nam a22 a 4500
999 _c324
_d324
005 20170503112444.0
008 170503b1984 -us||||| |||| 00| 0 eng d
020 _a0874847044
040 _aAKMAL
082 0 _a001.6 SHA
090 _a001.6
_bSHA
100 1 _aShapiro, Harvey L.
_9739
245 0 0 _a Assembler language programming for the PDP-11 /
_cHarvey Lee Shapiro. 250
260 _aPalo Alto, Calif. :
_bMayfield Pub. Co.,
_c1984
300 _axvii, 349 p. :
_b ill. ;
_c26cm
500 _aIncludes index
650 0 _aPDP-11 (Computer)
_xProgramming
_9740
650 0 _aAssembly languages (Electronic computers)
_9741
942 _2ddc
_cBOOK